000 00291 a2200145 4500
001 45448
020 _a
040 _cAnchieta - Aquarius
240 1 0 _a*A abelhinha
_lpor
245 1 0 _a*A abelhinha
300 _a7
362 0 _a2007
650 4 _aLiteratura infanto-juvenil
942 _cBK
999 _c45448
_d45448